<?xml version="1.0" encoding="UTF-8"?>
<collection xmlns="http://www.loc.gov/MARC21/slim">
    <record>
        <controlfield tag="001">61</controlfield>
        <controlfield tag="005">20160516223228.0</controlfield>
        <datafield tag="024" ind1="7" ind2=" ">
            <subfield code="2">G:(DE-HGF)</subfield>
            <subfield code="a">G:(DE-HGF)POF1-310</subfield>
        </datafield>
        <datafield tag="035" ind1=" " ind2=" ">
            <subfield code="a">G:(DE-HGF)POF1-310</subfield>
        </datafield>
        <datafield tag="150" ind1=" " ind2=" ">
            <subfield code="a">Krebsforschung</subfield>
            <subfield code="x">POF I</subfield>
            <subfield code="y">2003 - 2008</subfield>
        </datafield>
        <datafield tag="371" ind1=" " ind2=" ">
            <subfield code="a">Ottmar D. Wiestler</subfield>
            <subfield code="m">o.wiestler@dkfz.de</subfield>
            <subfield code="v">HGF</subfield>
        </datafield>
        <datafield tag="372" ind1=" " ind2=" ">
            <subfield code="a">POF I</subfield>
            <subfield code="s">2003</subfield>
            <subfield code="t">2008</subfield>
        </datafield>
        <datafield tag="450" ind1=" " ind2=" ">
            <subfield code="5">HGF</subfield>
            <subfield code="a">310</subfield>
            <subfield code="w">d</subfield>
        </datafield>
        <datafield tag="450" ind1=" " ind2=" ">
            <subfield code="a">Krebsforschung</subfield>
            <subfield code="i">ger</subfield>
            <subfield code="w">r</subfield>
        </datafield>
        <datafield tag="450" ind1=" " ind2=" ">
            <subfield code="a">Cancer Research</subfield>
            <subfield code="i">eng</subfield>
            <subfield code="w">r</subfield>
        </datafield>
        <datafield tag="510" ind1="1" ind2=" ">
            <subfield code="0">I:(DE-588b)5165524-X</subfield>
            <subfield code="a">Helmholtz Gemeinschaft Deutscher Forschungszentren</subfield>
        </datafield>
        <datafield tag="550" ind1=" " ind2=" ">
            <subfield code="0">G:(DE-HGF)POF1-300</subfield>
            <subfield code="a">Gesundheit</subfield>
            <subfield code="w">t</subfield>
            <subfield code="x">POF I</subfield>
        </datafield>
        <datafield tag="550" ind1=" " ind2=" ">
            <subfield code="0">G:(DE-HGF)POF2-310</subfield>
            <subfield code="a">Krebsforschung</subfield>
            <subfield code="w">b</subfield>
            <subfield code="x">POF II</subfield>
        </datafield>
        <datafield tag="750" ind1=" " ind2="7">
            <subfield code="0">V:(DE-HGF)2</subfield>
            <subfield code="2">V:(DE-HGF)</subfield>
            <subfield code="a">Programm</subfield>
        </datafield>
        <datafield tag="909" ind1="C" ind2="O">
            <subfield code="o">oai:juser.fz-juelich.de:92165</subfield>
            <subfield code="p">authority</subfield>
            <subfield code="p">authority:GRANT</subfield>
        </datafield>
        <datafield tag="909" ind1="C" ind2="O">
            <subfield code="o">oai:juser.fz-juelich.de:92165</subfield>
        </datafield>
        <datafield tag="980" ind1=" " ind2=" ">
            <subfield code="a">G</subfield>
        </datafield>
        <datafield tag="980" ind1=" " ind2=" ">
            <subfield code="a">AUTHORITY</subfield>
        </datafield>
    </record>

    
</collection>